Fr. Conceicao Rodrigues College of Engineering

C++ Datastructures (Record no. 27108)

MARC details
000 -LEADER
fixed length control field 00260nam a2200133Ia 4500
082 ## - DEWEY DECIMAL CLASSIFICATION NUMBER
Classification number 5.73
Item number DAL
100 ## - MAIN ENTRY--PERSONAL NAME
Personal name Dale/Nell
245 ## - TITLE STATEMENT
Title C++ Datastructures
260 ## - PUBLICATION, DISTRIBUTION, ETC.
Name of publisher, distributor, etc. Narosa book
Date of publication, distribution, etc. 1999
300 ## - PHYSICAL DESCRIPTION
Extent 773
546 ## - LANGUAGE NOTE
Language note ENGLISH
654 ## - SUBJECT ADDED ENTRY--FACETED TOPICAL TERMS
Focus term c++
942 ## - ADDED ENTRY ELEMENTS (KOHA)
Koha item type BOOK
Holdings
Withdrawn status Lost status Damaged status Not for loan Collection Home library Current library Date acquired Total Checkouts Full call number Barcode Date last seen Price effective from Koha item type
        CRC Fr. Agnel's C.Rodrigues College of Engineering Fr. Agnel's C.Rodrigues College of Engineering 17/03/2023   5.73 DAL 12788 17/03/2023 17/03/2023 BOOK
        CRC Fr. Agnel's C.Rodrigues College of Engineering Fr. Agnel's C.Rodrigues College of Engineering 17/03/2023   5.73 DAL 12789 17/03/2023 17/03/2023 BOOK